000 00475nam a2200181Ia 4500
005 20250109003412.0
008 240331s9999 xx 000 0 und d
020 _a041507942X
082 _bAND
_25190
_a305.3
245 0 _aDislocating Masculinity:
_bComparative ethnographies
260 _aLondon
_aNew York
_bRoutledge
_c1994
300 _ax, 236 p.,
650 _aMasculinity
650 _aMen
700 _aCornwall, A
_eedt
700 _aLindisfarne, N
_eedt
942 _cL
999 _c1563
_d1563